| 000 | 00000nas##2200000za#4500 |
| 001 | 9.507565 |
| 003 | CaOODSP |
| 005 | 20200731151136 |
| 007 | cr ||||||||||| |
| 008 | 150406c1987||||xxc|| p o||||f| |0eng|d |
| 022 | |a0714-2269 |
| 040 | |aCaOODSP|beng |
| 043 | |an-cn--- |
| 086 | 1 |aSA2-42E-PDF |
| 110 | 2 |aNational Archives of Canada. |
| 245 | 10|aTracing your ancestors in Canada |h[electronic resource] |
| 260 | |aOttawa - Ontario : |bNational Archives of Canada |c1988-2001. |
| 310 | |aIrregular |
| 362 | 1 |a1987-14th ed. (2001) |
| 690 | 07|aGenealogy|2gcpds |
| 775 | 08|tGuide des sources généalogiques au Canada |w(CaOODSP)9.503953 |
| 785 | 00|tTracing your ancestors in Canada |w(CaOODSP)9.507566 |